گھر جو تقسیم ہو گیا / (Record no. 106493)

MARC details
000 -LEADER
fixed length control field 00921nam a22002657a 4500
005 - DATE AND TIME OF LATEST TRANSACTION
control field 20170123162313.0
010 ## - LIBRARY OF CONGRESS CONTROL NUMBER
LC control number B-208905
020 ## - INTERNATIONAL STANDARD BOOK NUMBER
Terms of availability 250.00
International Standard Book Number 818223249
035 ## - SYSTEM CONTROL NUMBER
System control number B-208905
037 ## - SOURCE OF ACQUISITION
Source of stock number/acquisition Cen Lib/Ret
040 ## - CATALOGING SOURCE
Original cataloging agency DPL
Language of cataloging UR
082 ## - DEWEY DECIMAL CLASSIFICATION NUMBER
Classification number 809
Item number س ل ی
100 ## - MAIN ENTRY--PERSONAL NAME
Personal name سلیم احمد
9 (RLIN) 112508
245 ## - TITLE STATEMENT
Title گھر جو تقسیم ہو گیا /
Statement of responsibility, etc سلیم احمد
246 ## - VARYING FORM OF TITLE
Title proper/short title Ghar jo taqseem ho gaya /
Remainder of title by Saleem Ahmad
260 ## - PUBLICATION, DISTRIBUTION, ETC. (IMPRINT)
Place of publication, distribution, etc دہلی
Name of publisher, distributor, etc اىجوکىشنل پبلشنگ هاؤس
Date of publication, distribution, etc 2007
270 ## - ADDRESS
Address ٣٠١٨، گلی وکیل کوچہ پنڈت، لال کوان
City دہلی
Postal code 110006
300 ## - PHYSICAL DESCRIPTION
Extent 327p.
Dimensions 21cm(Hb)
500 ## - GENERAL NOTE
General note کتابیات
650 ## - SUBJECT ADDED ENTRY--TOPICAL TERM
Topical term or geographic name as entry element ادب - اردو
9 (RLIN) 112509
650 ## - SUBJECT ADDED ENTRY--TOPICAL TERM
Topical term or geographic name as entry element تنقید اور تشریح.
9 (RLIN) 109630
650 ## - SUBJECT ADDED ENTRY--TOPICAL TERM
Topical term or geographic name as entry element Literature -- Urdu
9 (RLIN) 112510
650 ## - SUBJECT ADDED ENTRY--TOPICAL TERM
Topical term or geographic name as entry element Criticism and interpretation.
9 (RLIN) 20064
942 ## - ADDED ENTRY ELEMENTS (KOHA)
Source of classification or shelving scheme Dewey Decimal Classification
Koha item type Urdu Bks
Classification part 809
Call number suffix س ل ی
Holdings
Withdrawn status Lost status Damaged status Not for loan Home library Current library Date acquired Source of acquisition Cost, normal purchase price Total Checkouts Full call number Barcode Date last seen Copy number Cost, replacement price Price effective from Koha item type
        Central Library Central Library 22/12/2015 Cen Lib/Ret 250.00   809 س ل ی B-208905 22/12/2015 1 250.00 22/12/2015 Urdu Bks

© Delhi Public Library
Hit Counter
free hit counter